000
00291nam a2200121Ia 4500
005
20251222143309.0
008
251222s9999||||xx |||||||||||||| ||spa||
082
_a
848.9/M36
100
_a
Meersch, Maxence Van der
245
0
_a
La Huella del Dios
264
_b
Plaza y Janés
942
_c
LIB
999
_c
15646
_d
15646